[Event "SRB-chT2 Vojvodina"]
[Site "Palic"]
[Date "2024.11.01"]
[Round "6.6"]
[White "Takac, Tomislav"]
[Black "Milekic, Daniel"]
[Result "0-1"]
[WhiteElo "1935"]
[BlackElo "2183"]
[PlyCount "96"]
[EventDate "2024.10.29"]
[EventType "team-tourn"]
[EventRounds "11"]
[EventCountry "SRB"]
[SourceTitle "CB45_2024"]
[Source "ChessBase"]
[SourceDate "2024.11.06"]
[SourceVersion "1"]
[SourceVersionDate "2024.11.06"]
[SourceQuality "1"]
[WhiteTeam "Pacir Backa"]
[BlackTeam "Dec"]
[WhiteTeamCountry "SRB"]
[BlackTeamCountry "SRB"]

1. d4 Nf6 2. Bg5 Ne4 3. Bf4 d5 4. e3 c5 5. c3 Nc6 6. Nd2 Bf5 7. Ngf3 e6 8. Nxe4 Bxe4 9. Bd3 Bxd3 10. Qxd3 c4 11. Qc2 Be7 12. 0-0 0-0 13. e4 b5 14. exd5 Qxd5 15. Rfe1 Bf6 16. Be5 Bxe5 17. Nxe5 Ne7 18. Nf3 Ng6 19. Re3 Rab8 20. g3 Ne7 21. Qe2 Qd6 22. Re1 Nd5 23. Re5 b4 24. Qxc4 bxc3 25. bxc3 Rfc8 26. Qf1 Nxc3 27. Ra5 Rc7 28. Qd3 h6 29. Ree5 Nd5 30. Qa3 Qxa3 31. Rxa3 Rb2 32. Ne1 Rd2 33. Nf3 Rb2 34. Ne1 Rb4 35. Nf3 g5 36. h3 Rb2 37. Ne1 Nb4 38. Rb3 Rxb3 39. axb3 Rc3 40. Re3 Rc1 41. Kg2 Nd5 42. Re2 Rb1 43. Nf3 Rxb3 44. Ra2 Rb7 45. Ne5 Ne7 46. Ra5 Kg7 47. Ra6 h5 48. Nc6 Kf6 0-1